[Event "HUN-chT1"]
[Site "HUN"]
[Date "1995.??.??"]
[Round "?"]
[White "Lendvai, Noemi"]
[Black "Kozma, Edit"]
[Result "0-1"]
[WhiteElo "2105"]
[BlackElo "2120"]

1.e4 c5 2.Nf3 d6 3.d4 Nf6 4.Nc3 cxd4 5.Nxd4 a6 6.Be3 e5 7.Nb3 Be6 8.Qd2 Be7
9.f3 O-O 10.O-O-O Nbd7 11.g4 b5 12.g5 Nh5 13.Nd5 Bxd5 14.exd5 Qc7 15.Na5 Nb6
16.Bxb6 Qxb6 17.Nc6 Rfe8 18.h4 f5 19.Bh3 g6 20.Rde1 Bf8 21.Qd3 Qc5 22.Qd2 a5
23.Kb1 b4 24.Bf1 Bg7 25.Qd3 Ng3 26.Rh2 e4 27.fxe4 Nxe4 28.Rhe2 Qb6 29.Kc1 a4
30.Rxe4 fxe4 31.Rxe4 Rxe4 32.Qxe4 Qg1 33.Qg2 Qe3+ 34.Kd1 Bxb2 35.Qd2 Qf3+
36.Qe2 Qxd5+ 37.Qd2 Qxd2+ 38.Kxd2 Bc3+ 39.Kd3 Rf8 40.Bg2 Rf2 41.Bd5+ Kf8
42.Be4 Rh2  0-1

[Event "HUN-chT2 9495"]
[Site "HUN"]
[Date "1995.??.??"]
[Round "?"]
[White "Paksa, Rudolf"]
[Black "Bartha, Sandor"]
[Result "1/2-1/2"]
[WhiteElo "2340"]
[BlackElo "2205"]

1.e4 c5 2.Nf3 d6 3.d4 cxd4 4.Nxd4 Nf6 5.Nc3 a6 6.Be3 e6 7.Be2 Be7 8.O-O O-O
9.f4 Qc7 10.Kh1 Nc6 11.a4 Bd7 12.Qe1 Nb4 13.Rc1 d5 14.e5 Ne4 15.Nxe4 dxe4
16.Bd2 Qb6 17.c3 Nd5 18.a5 Qxa5 19.c4 Bb4 20.Nb3 Bxd2 21.Nxd2 e3 22.Ne4 Qxe1
23.Rcxe1 Nb4 24.Nd6 Bc6 25.Rc1 f6 26.Kg1 Rab8 27.g3 b5 28.Rc3 bxc4 29.Bxc4 Nd5
30.Rc2 fxe5 31.fxe5 Rxf1+ 32.Kxf1 Bb5 33.Bxb5 axb5 34.Ke2 Kf8 35.Rc8+ Rxc8
36.Nxc8 b4 37.Kd3 Kf7 38.Nd6+ Kg6 39.h3 h5 40.b3 h4 41.gxh4 Kh5 42.Ne8 Kg6
43.Nd6 Kh5 44.Ne8  1/2-1/2

[Event "HUN-chT2 9495"]
[Site "HUN"]
[Date "1995.??.??"]
[Round "?"]
[White "Nagy, Zoltan"]
[Black "Kovacs, Elod"]
[Result "0-1"]
[WhiteElo "2250"]
[BlackElo "2245"]

1.e4 c5 2.Nf3 d6 3.d4 cxd4 4.Nxd4 Nf6 5.Nc3 a6 6.Be3 e5 7.Nb3 Be7 8.f3 Be6
9.Qd2 Nbd7 10.O-O-O Qc7 11.g4 h6 12.h4 b5 13.Kb1 b4 14.Nd5 Bxd5 15.exd5 Nb6
16.Bxb6 Qxb6 17.h5 Nd7 18.f4 exf4 19.Qxf4 Ne5 20.Qf5 Qe3 21.Rh3 Qg5 22.Rd4 Qxf5
23.gxf5 a5 24.Bb5+ Kd8 25.Ba4 Kc7 26.c3 Rhb8 27.c4 Bf6 28.Re4 Kb6 29.Rhe3 Rc8
30.c5+ Rxc5 31.Nxc5 Kxc5 32.Bc6 Nxc6 33.dxc6 Kxc6 34.Re8 Ra7 35.Rc8+ Kd5
36.Rc2 a4 37.Rd2+ Kc6 38.Re4 a3 39.bxa3 bxa3 40.Rc4+ Kd7 41.Rd3 Bb2 42.Rb3 Ke7
43.Rb5 Kf6 44.Rc6 Be5 45.Kc2 Kg5 46.Kb3 Kxh5 47.Rcb6 Kg4 48.Rb7 Rxb7 49.Rxb7 h5
50.Kxa3 h4 51.Rxf7 h3 52.Rf8 h2 53.Rh8 Kxf5  0-1

[Event "HUN-chT2 9495"]
[Site "HUN"]
[Date "1995.??.??"]
[Round "?"]
[White "Mozes, Zoltan"]
[Black "Kubacsny, Laszlo"]
[Result "1/2-1/2"]
[WhiteElo "2285"]
[BlackElo "2335"]

1.e4 c5 2.Nf3 d6 3.d4 cxd4 4.Nxd4 Nf6 5.Nc3 a6 6.Be3 e6 7.Be2 Qc7 8.f4 Be7
9.O-O O-O 10.Bf3 Nc6 11.Qe1 Re8 12.Rd1 Bf8 13.Qf2 Rb8 14.Kh1 Nd7 15.Nce2 Nxd4
16.Nxd4 b5 17.c3 Bb7 18.Ne2 Rbc8 19.Rd2 Bc6 20.Nd4 Ba8 21.Ne2 Nf6 22.e5 Ne4
23.Bxe4 Bxe4 24.Bd4 dxe5 25.fxe5 Qb7 26.Ng3 Bg6 27.a3 Red8 28.Qf4 Rd7 29.h4 h6
30.h5 Bh7 31.b4 Ra8 32.Rdf2 a5 33.Re1 axb4 34.axb4 Qd5 35.Ne4 Bxe4 36.Rxe4 Ra2
37.Rf3 Qb3 38.Re1 Qb2 39.Rg3 Ra1 40.Rxa1 Qxa1+ 41.Kh2 Kh8 42.Qg4 Qb1 43.Qf3 Qa2
44.Qf4 Qe2 45.Rf3 Qc4 46.Bf2 Qxf4+ 47.Rxf4 Rb7 48.g4 Kg8 49.Bd4 Rc7 50.Kg2 Be7
51.Rf2 Rc4 52.Rd2 f6 53.Kf3 Kf7 54.Ke4 fxe5 55.Kxe5 Rc6 56.Ke4 Bf6 57.Rc2  1/2-1/2

[Event "Papp Bela mem"]
[Site "HUN"]
[Date "1995.??.??"]
[Round "?"]
[White "Czebe, Attila"]
[Black "Sziebert, Adam"]
[Result "1-0"]
[WhiteElo "2340"]
[BlackElo "2390"]

1.e4 c5 2.Nf3 d6 3.d4 cxd4 4.Nxd4 Nf6 5.Nc3 a6 6.Be3 Ng4 7.Bc1 Nf6 8.Be2 g6
9.O-O Bg7 10.Kh1 O-O 11.f4 Qc7 12.Be3 Nc6 13.Nb3 Bd7 14.g4 e6 15.g5 Ne8 16.Qe1 Nb4
17.Bd3 Bxc3 18.bxc3 Nxd3 19.cxd3 f5 20.gxf6 Nxf6 21.d4 b6 22.Qh4 Rf7  1-0

[Event "HUN-chT1"]
[Site "HUN"]
[Date "1995.??.??"]
[Round "?"]
[White "Miranovic, Rajko"]
[Black "Ruck, Robert"]
[Result "1/2-1/2"]
[WhiteElo "2385"]
[BlackElo "2460"]

1.e4 c5 2.Nf3 d6 3.d4 cxd4 4.Nxd4 Nf6 5.Nc3 a6 6.Be3 Ng4 7.Bg5 h6 8.Bh4 g5
9.Bg3 Bg7 10.Be2 h5 11.Bxg4 hxg4 12.O-O Nc6 13.Nf5 Bxc3 14.bxc3 Bxf5 15.exf5 Ne5
16.Bxe5 dxe5 17.Qxg4 f6 18.g3 Qc7 19.Rab1 b5 20.c4 Kf7 21.Rb4 Qc5 22.cxb5 axb5
23.a4 bxa4 24.Rxa4 Qxc2 25.Rxa8 Rxa8 26.Qh5+ Kg7 27.Qg6+ Kf8  1/2-1/2

[Event "HUN-chT1 9596"]
[Site "HUN"]
[Date "1995.??.??"]
[Round "1"]
[White "Miranovic, Rajko"]
[Black "Danner, Georg"]
[Result "0-1"]
[WhiteElo "2405"]
[BlackElo "2445"]

1.e4 c5 2.Nf3 d6 3.d4 cxd4 4.Nxd4 Nf6 5.Nc3 a6 6.Be3 e5 7.Nb3 Be6 8.Qd2 Be7
9.f3 Nbd7 10.g4 b5 11.O-O-O Nb6 12.g5 Nh5 13.Nd5 Nxd5 14.exd5 Bf5 15.Na5 O-O
16.Nc6 Qc7 17.Bd3 Bxd3 18.Qxd3 Rfe8 19.Kb1 Bf8 20.Rc1 g6 21.c4 bxc4 22.Rxc4 Bg7
23.Rhc1 Qd7 24.R1c2 Qh3 25.Bc1 Rf8 26.Qa3 Rae8 27.Ra4 f6 28.Qxd6 fxg5 29.Qc5 Rxf3
30.d6 Qe6 31.Rd2 Rf7 32.Rxa6 Nf6 33.Ra3 Ne4 34.Qd5 Nxd2+ 35.Qxd2 Rd7 36.Ne7+ Rexe7
37.dxe7 Rxd2 38.Ra8+ Kf7 39.e8=Q+ Qxe8 40.Rxe8 Rxh2 41.Rc8 g4 42.a4 g3 43.a5 g2
44.Be3 Bh6 45.Bb6 e4 46.a6 e3 47.a7 g1=Q+ 48.Ka2 Qg2  0-1

[Event "HUN-chT1 9596"]
[Site "HUN"]
[Date "1995.??.??"]
[Round "1"]
[White "Tolnai, Tibor"]
[Black "Vegh, Endre"]
[Result "1/2-1/2"]
[WhiteElo "2455"]
[BlackElo "2335"]

1.e4 c5 2.Nf3 d6 3.d4 cxd4 4.Nxd4 Nf6 5.Nc3 a6 6.Be3 Ng4 7.Bg5 h6 8.Bh4 g5
9.Bg3 Bg7 10.Qd2 Nc6 11.Nb3 b5 12.f3 Nge5 13.Bf2 Rb8 14.Nd4 Bd7 15.O-O-O Na5
16.b3 Nac6 17.Kb1 Qa5 18.Nd5 Qxd2 19.Rxd2 Rb7 20.Be2 O-O 21.h4 gxh4 22.Nf5 Bxf5
23.exf5 Rfb8 24.Bxh4 Nc4 25.Bxc4 bxc4 26.f6 exf6 27.Nxf6+ Kh8 28.Rxd6 Ne7
29.Rxa6 Nf5 30.Nh5 Bf8 31.Bf6+ Kg8 32.Be5 Rc8 33.g4 Ne7 34.Nf6+ Kh8 35.Nd7+ Kg8
36.Nxf8  1/2-1/2

[Event "HUN-chT1 9596"]
[Site "HUN"]
[Date "1995.??.??"]
[Round "6"]
[White "Horvath, Tamas"]
[Black "Vegh, Endre"]
[Result "1/2-1/2"]
[WhiteElo "2410"]
[BlackElo "2345"]

1.e4 c5 2.Nf3 d6 3.d4 cxd4 4.Nxd4 Nf6 5.Nc3 a6 6.Be3 e6 7.f3 b5 8.g4 h6 9.h4 b4
10.Na4 Nbd7 11.Rh3 Bb7 12.g5 hxg5 13.hxg5 Rxh3 14.Bxh3 Nh7 15.Qd2 g6 16.O-O-O Be7
17.Qxb4 Rb8 18.Qd2 Nxg5 19.Bg2 d5 20.Bxg5 Bxg5 21.f4 Bf6 22.exd5 exd5 23.Nb3 Qc7
24.Qe3+ Kf8 25.Nac5 d4 26.Nxd7+ Qxd7 27.Qf2 Bxg2 28.Qxg2 a5  1/2-1/2

[Event "Kassel op"]
[Site "Kassel"]
[Date "1995.??.??"]
[Round "7"]
[White "Johnen, Daniel"]
[Black "Kersten, Uwe"]
[Result "0-1"]
[WhiteElo "2105"]
[BlackElo "2310"]

1.e4 c5 2.Nf3 d6 3.d4 Nf6 4.Nc3 cxd4 5.Nxd4 a6 6.Be3 e5 7.Nb3 Be6 8.Qd2 Be7
9.f3 O-O 10.g4 b5 11.O-O-O b4 12.Nd5 Bxd5 13.exd5 a5 14.Kb1 a4 15.Nc1 Qa5
16.h4 Na6 17.h5 Nd7 18.g5 Rfc8 19.g6 hxg6 20.hxg6 fxg6 21.Bh3 Nf8 22.Bxc8 Rxc8
23.f4 Bf6 24.fxe5 Bxe5 25.Rdf1 Nc5 26.Qf2 Bf6 27.Bxc5 Rxc5 28.Qe3 Rxd5 29.Nd3 b3
30.cxb3 axb3 31.axb3 Qb5 32.Nc1 Qa6 33.Qe4 Rd2 34.Rxf6 gxf6 35.Qf4 Qc6 36.Qxd2 Qxh1
37.Qxd6 Qe4+ 38.Ka2 f5 39.Nd3 Qa8+ 40.Kb1 Qe4 41.Ka2 Qe6 42.Qd4 g5 43.Nc5 Qf7
44.Kb1 g4 45.b4 Qg6 46.b5 g3 47.b6 g2 48.Qg1 f4+ 49.Ka2 f3 50.b7 f2 51.Qxf2 g1=Q
52.Qxg1 Qxg1 53.b8=Q Qxc5 54.Qg3+ Kf7 55.Qb3+ Ke8 56.Qa3 Qc6 57.b3 Nd7 58.Qb4 Nb6
59.Qe1+ Kd8 60.Qh4+ Kc7 61.Qf4+ Kb7 62.Qf7+ Nd7  0-1

[Event "Kosice op"]
[Site "Kosice"]
[Date "1995.??.??"]
[Round "?"]
[White "Cvicela, Anton"]
[Black "Sterco, Stepan"]
[Result "1/2-1/2"]
[WhiteElo "2065"]
[BlackElo "2285"]

1.e4 c5 2.Nf3 d6 3.d4 cxd4 4.Nxd4 Nf6 5.Nc3 a6 6.Be3 e6 7.Qd2 Be7 8.f3 Bd7
9.g4 Nc6 10.O-O-O O-O 11.g5 Nh5 12.f4 Nxd4 13.Qxd4 Bc6 14.Qd2 f5 15.Be2 Qe8
16.Bc4 Qc8 17.Be2 Qe8 18.Bc4 Qc8 19.Be2 g6 20.Bxh5 gxh5 21.Rhg1 Be8 22.exf5 Rxf5
23.Ne4 Bg6 24.Qe2 Qc6 25.Bd4 Rxf4 26.Nf6+ Kf7 27.Rgf1 Rc8 28.c3 Rf5 29.Rxf5 Bxf5
30.Rf1 Qc4 31.Qxh5+ Bg6 32.Qf3 Qd3 33.Nxh7+ Qxf3 34.Rxf3+ Bf5 35.Nf6 Kg6
36.h4 e5 37.Be3 Bxf6 38.gxf6 Kxf6 39.Bg5+ Ke6 40.Kd2 Rc4 41.Rg3 b5 42.a3 a5
43.b3 Rc8 44.Rg1 b4 45.axb4 axb4 46.c4 Ra8 47.Rg3 Ra2+ 48.Kd1 Rb2 49.Kc1 Rb1+
50.Kd2 Rb2+ 51.Kc1  1/2-1/2

[Event "SLO-chT qual"]
[Site "Kranj"]
[Date "1995.??.??"]
[Round "?"]
[White "Gaspersic, M."]
[Black "Juhant, Igor"]
[Result "1-0"]
[WhiteElo "1840"]
[BlackElo "1850"]

1.e4 c5 2.Nf3 d6 3.d4 cxd4 4.Nxd4 Nf6 5.Nc3 a6 6.Be3 e5 7.Nf3 Qc7 8.Be2 Be7
9.Qd2 b5 10.a3 Bb7 11.Bd3 Nbd7 12.Nh4 g6 13.Nf3 Nc5 14.Bxc5 dxc5 15.O-O Rd8
16.Qe3 c4 17.Be2 Ng4 18.Qc1 h6 19.h3 Nf6 20.Rd1 Rxd1+ 21.Bxd1 Nxe4 22.Nxe4 Bxe4
23.Qe3 Bxf3 24.Bxf3 Bc5 25.Qd2 Kf8 26.Re1 Kg7 27.Qd5 Re8 28.Rd1 Qb6 29.Rd2 Re7
30.Kf1 f5 31.Qc6 e4 32.Qxb6 Bxb6 33.Bd1 Bc7 34.Rd5 Bf4 35.b3 Rc7 36.a4 bxa4
37.bxa4 Rc6 38.Ke2 c3 39.g3 Bc7 40.Ke1 Rc4 41.Be2 Rc6 42.Rd7+ Kf6 43.Bxa6 Bb6
44.Bb5 Re6 45.Bc4 Re5 46.Rd6+ Kg7 47.Rxb6 e3 48.h4 exf2+ 49.Kxf2 f4 50.Rb7+ Kf8  1-0

[Event "Lazne Bohdanec (Women)"]
[Site "Lazne Bohdanec"]
[Date "1995.??.??"]
[Round "?"]
[White "Ptacnikova, Lenka"]
[Black "Baginskaite, Kamile"]
[Result "1-0"]
[WhiteElo "2185"]
[BlackElo "2335"]

1.e4 c5 2.Nf3 d6 3.d4 cxd4 4.Nxd4 Nf6 5.Nc3 a6 6.Be3 e5 7.Nf3 Qc7 8.a4 Be7
9.a5 O-O 10.Be2 h6 11.O-O Be6 12.Bb6 Qc6 13.Nd2 Nbd7 14.Be3 d5 15.exd5 Nxd5
16.Nxd5 Bxd5 17.f3 Rad8 18.c4 Be6 19.Qc2 Bc5 20.Bf2 Nf6 21.Nb3 Bxf2+ 22.Rxf2 Rd7
23.Qc3 Qc7 24.Rc1 Rfd8 25.Qe3 Rc8 26.Bd3 Qd6 27.Rc3 Rcd8 28.Nc5 Rc7 29.b4 Qd4
30.Qxd4 exd4 31.Rc1 Bc8 32.Rd2 Re7 33.Rcd1 Nd7 34.Nxd7 Rexd7 35.Bf5 Rc7 36.Bxc8 Rdxc8
37.c5 Rd8 38.Rxd4 Rxd4 39.Rxd4 Kf8 40.Kf2 h5 41.h4 Ke7 42.Ke3 Rc6 43.Rd5 g6
44.Kd4 f6 45.g4 hxg4 46.fxg4 Rc8 47.Kc4 Rh8 48.h5 f5 49.hxg6 Rh4 50.Rd4 fxg4
51.Rf4  1-0

[Event "Legnica"]
[Site "Legnica"]
[Date "1995.??.??"]
[Round "?"]
[White "Cyborowski, Lukasz"]
[Black "Jakubowski, Tomasz"]
[Result "1/2-1/2"]
[WhiteElo "2205"]
[BlackElo "2215"]

1.e4 c5 2.Nf3 d6 3.d4 cxd4 4.Nxd4 Nf6 5.Nc3 a6 6.Be3 e5 7.Nb3 Be7 8.Qe2 Be6
9.O-O-O Nbd7 10.f3 Rc8 11.g4 b5 12.Qf2 O-O 13.Nd5 Bxd5 14.exd5 Nc5 15.Nxc5 dxc5
16.g5 Ne8 17.h4 c4 18.Bh3 Rb8 19.Qg3 Bd6 20.h5 Qa5 21.Kb1 b4 22.b3 cxb3 23.cxb3 Nc7
24.g6 Nxd5 25.Bd2 Qc7 26.gxf7+ Qxf7 27.Rhg1 Rfe8 28.Bh6 Nc3+ 29.Ka1 Nxd1
30.Bxg7 Qf4 31.Qxf4 exf4 32.Be5+ Kf7 33.Bxd6 Rb6 34.Bc5 Rc6 35.Bd7 Rxc5 36.Bxe8+ Kxe8
37.Rxd1 Rxh5 38.Rd4 Rf5 39.Rxb4 Kf7 40.Rb8 h5 41.Kb2 Kg6 42.Rg8+ Kh7 43.Rg1 Re5
44.Kc3 Re3+ 45.Kd4 Kh6 46.Rh1 Rxf3 47.Ke4 Rf2 48.Kf5 f3 49.Rh3 Rf1 50.Kf4 f2
51.Rh2 Kg6 52.Kf3 Kg5 53.Rxf2 Rxf2+ 54.Kxf2 Kf4 55.b4 Ke4  1/2-1/2

[Event "GER-chJT"]
[Site "Leipzig"]
[Date "1995.??.??"]
[Round "?"]
[White "Stevanovic, Igor"]
[Black "Gustafsson, Jan"]
[Result "0-1"]
[WhiteElo "2180"]
[BlackElo "2205"]

1.e4 c5 2.Nf3 d6 3.d4 cxd4 4.Nxd4 Nf6 5.Nc3 a6 6.Be3 e6 7.Qd2 b5 8.f3 Nbd7
9.a4 b4 10.Nce2 d5 11.Ng3 Bb7 12.Bd3 Qc7 13.O-O Bd6 14.Rac1 Nc5 15.e5 Bxe5
16.Qxb4 Bd6 17.Qd2 O-O 18.a5 Nxd3 19.cxd3 Qe7 20.Nc6 Qd7 21.Nd4 Rab8 22.Nge2 Ba8
23.Ra1 e5 24.Nc2 Rxb2 25.Qc3 Rbb8 26.Bb6 d4 27.Qd2 Nd5 28.Rfb1 Rfc8 29.f4 Qc6
30.fxe5 Nxb6 31.Nexd4 Bc5 32.axb6 Rd8 33.Rb4 Rxb6 34.Kh1 Qxg2+ 35.Qxg2 Bxg2+
36.Kxg2 Bxb4 37.Kf3 Bc3 38.Ra4 h6 39.Ke4 Rb2 40.h4 Bxd4 41.Nxd4 Rh2 42.Nf5 Re2+
43.Ne3 Rh2 44.Nf5 g6 45.Nxh6+ Kg7 46.Ng4 Rxh4 47.Ke3 Rd5 48.Re4 Rh3+  0-1

[Event "Liechtenstein op"]
[Site "Liechtenstein"]
[Date "1995.??.??"]
[Round "?"]
[White "Doskocil, Klaus"]
[Black "Schweizer, Robert"]
[Result "1-0"]
[WhiteElo "2245"]
[BlackElo "2105"]

1.e4 c5 2.Nf3 d6 3.d4 cxd4 4.Nxd4 Nf6 5.Nc3 a6 6.Be3 b5 7.Bd3 Ng4 8.O-O e5
9.Ndxb5 Nxe3 10.fxe3 axb5 11.Bxb5+ Bd7 12.Qd5 f6 13.Qxa8 Be7 14.Bxd7+ Nxd7  1-0

[Event "Linares op"]
[Site "Linares"]
[Date "1995.??.??"]
[Round "?"]
[White "Kaminski, Marcin"]
[Black "Sadler, Matthew"]
[Result "1/2-1/2"]
[WhiteElo "2455"]
[BlackElo "2575"]

1.e4 c5 2.Nf3 d6 3.d4 cxd4 4.Nxd4 Nf6 5.Nc3 a6 6.Be3 e5 7.Nb3 Be6 8.f4 exf4
9.Bxf4 Nc6 10.Qd2 d5 11.O-O-O Nxe4 12.Nxe4 dxe4 13.Qe3 Qc8 14.Qxe4 Be7 15.Bd3 Nb4
16.Nd4 Nxa2+ 17.Kb1 Nb4 18.Nxe6 Qxe6 19.Qxe6 fxe6  1/2-1/2

[Event "Lisboa"]
[Site "Lisboa"]
[Date "1995.??.??"]
[Round "2"]
[White "Costa, F."]
[Black "Dantas, Carlos"]
[Result "1-0"]
[WhiteElo "2025"]
[BlackElo "2180"]

1.e4 c5 2.Nf3 d6 3.d4 cxd4 4.Nxd4 Nf6 5.Nc3 a6 6.Be3 Ng4 7.Bg5 Qb6 8.Nd5 Qd8
9.Be2 Nf6 10.Nxf6+ gxf6 11.Be3 e5 12.Nb3 Be6 13.O-O Nd7 14.f4 Qc7 15.fxe5 dxe5
16.Kh1 O-O-O 17.Bg4 Rg8 18.Bxe6 fxe6 19.Qe2 Rg6 20.Rf3 Bb4 21.a3 Bd6 22.Ba7 Nb8
23.Nd2 Nc6 24.Rc3 b5 25.Qe3 Rdg8 26.Nb3 Kd7 27.Rd1 Rxg2 28.Bb6 Qb8 29.Bc5 Nd4
30.Qh3 Qb7 31.Bxd6 Rg1+ 32.Rxg1 Qxe4+ 33.Qg2 Rxg2 34.Nc5+ Ke8 35.Nxe4 Re2
36.Rc7 Rxh2+ 37.Kxh2 Nf3+ 38.Kg2 Nxg1 39.Kxg1 f5 40.Nf6+ Kd8 41.Rxh7 f4 42.Bxe5  1-0

[Event "Litomysl op"]
[Site "Litomysl"]
[Date "1995.??.??"]
[Round "1"]
[White "Tolnai, Tibor"]
[Black "Siekaniec, Jan"]
[Result "1-0"]
[WhiteElo "2455"]
[BlackElo "2155"]

1.e4 c5 2.Nf3 d6 3.d4 cxd4 4.Nxd4 Nf6 5.Nc3 a6 6.Be3 e5 7.Nb3 Be7 8.f3 Be6
9.Qd2 O-O 10.O-O-O b5 11.g4 Nc6 12.Nd5 Bxd5 13.exd5 Na7 14.Kb1 Qc7 15.h4 Rfb8
16.g5 Nd7 17.h5 Nf8 18.f4 f6 19.fxe5 fxe5 20.Bh3 Bd8 21.Rdf1 Qe7 22.g6  1-0

[Event "ESP-chJ"]
[Site "Los Barrios"]
[Date "1995.??.??"]
[Round "6"]
[White "Gonzalez, D."]
[Black "Sanchez, D."]
[Result "1/2-1/2"]
[WhiteElo "2250"]
[BlackElo "2070"]

1.e4 c5 2.Nf3 d6 3.d4 cxd4 4.Nxd4 Nf6 5.Nc3 a6 6.Be3 Ng4 7.Bg5 h6 8.Bh4 g5
9.Bg3 Bg7 10.h4 Nc6 11.Nb3 gxh4 12.Rxh4 h5 13.Be2 Be6 14.Bxg4 hxg4 15.Rxh8+ Bxh8
16.Qd2 Qb6 17.O-O-O O-O-O 18.Nd5 Bxd5 19.exd5 Ne5 20.Qc3+ Kb8 21.Qa5 Qxa5
22.Nxa5 Rc8 23.Nb3 Bf6 24.c3 Ng6 25.Rh1 Rh8 26.Rxh8+ Bxh8 27.Kd2 f5 28.Ke3 Be5
29.Bxe5 dxe5 30.g3 Kc7 31.c4 Kd6 32.a4 Nf8 33.Nc1 a5 34.Nb3 b6 35.c5+ bxc5
36.Nxa5 Nd7 37.b3 Kxd5 38.Nc4 Nb8 39.Kd3 e6 40.Ne3+ Kc6 41.Kc3 Na6  1/2-1/2

[Event "POL-chT"]
[Site "Lubniewice"]
[Date "1995.??.??"]
[Round "3"]
[White "Dubiel, Jacek"]
[Black "Pisulinski, Jan"]
[Result "1/2-1/2"]
[WhiteElo "2360"]
[BlackElo "2390"]

1.e4 c5 2.Nf3 d6 3.d4 cxd4 4.Nxd4 Nf6 5.Nc3 a6 6.Be3 e5 7.Nb3 Be6 8.Qe2 Nbd7
9.O-O-O b5 10.f3 Be7 11.g4 b4 12.Nd5 Bxd5 13.exd5 Nb6 14.f4 Nfxd5 15.Bxb6 Nxb6
16.Bg2 Rc8 17.fxe5 O-O 18.Bb7 Rc7 19.Qxa6 Nc4 20.exd6 Bxd6 21.Rd4 Qe7 22.Rxc4 Rxb7
23.Kb1 Ra7 24.Qc6 Rc7 25.Qe4 Rxc4 26.Qxc4 Qb7 27.Rd1  1/2-1/2

[Event "POL-chT"]
[Site "Lubniewice"]
[Date "1995.??.??"]
[Round "3"]
[White "Ciemniak, Robert"]
[Black "Kuczynski, Robert"]
[Result "1/2-1/2"]
[WhiteElo "2395"]
[BlackElo "2480"]

1.e4 c5 2.Nf3 d6 3.d4 cxd4 4.Nxd4 Nf6 5.Nc3 a6 6.Be3 e5 7.Nb3 Be7 8.Qd2 Be6
9.f3 Nbd7 10.g4 O-O 11.g5 Nh5 12.Rg1 Qc7 13.O-O-O b5 14.Nd5 Bxd5 15.exd5 Nb6
16.Na5 Nxd5 17.Qxd5 Qxa5 18.Bh3 Qb4 19.Rg4 Nf4 20.Bxf4 exf4 21.Bf1 Qc5 22.Qxc5 dxc5
23.h4 f5 24.gxf6 Rxf6 25.Bd3 Rd8 26.Rdg1 Rf7 27.Be4 c4 28.Rd1 Rxd1+ 29.Kxd1 Rf6
30.c3 g6 31.h5 Rd6+ 32.Ke2 g5 33.Rg1 h6  1/2-1/2

[Event "POL-chT"]
[Site "Lubniewice"]
[Date "1995.??.??"]
[Round "3"]
[White "Lukasiewicz, Anna"]
[Black "Dworakowska, Joanna"]
[Result "0-1"]
[WhiteElo "2170"]
[BlackElo "2290"]

1.e4 c5 2.Nf3 d6 3.d4 cxd4 4.Nxd4 Nf6 5.Nc3 a6 6.Be3 e5 7.Nf3 Qc7 8.a4 Be6
9.Be2 Nc6 10.O-O Nb4 11.Ng5 Bc4 12.Bxc4 Qxc4 13.f3 Be7 14.Qd2 Rc8 15.Rfd1 O-O
16.Rac1 Rfd8 17.Nd5 Nfxd5 18.b3 Qc3 19.exd5 Nxd5 20.Qxc3 Nxc3 21.Rd2 d5 22.Nh3 d4
23.Bf2 Bb4  0-1

[Event "POL-chT"]
[Site "Lubniewice"]
[Date "1995.??.??"]
[Round "4"]
[White "Lukasiewicz, Anna"]
[Black "Brustman, Agnieszka"]
[Result "0-1"]
[WhiteElo "2170"]
[BlackElo "2295"]

1.e4 c5 2.Nf3 d6 3.d4 cxd4 4.Nxd4 Nf6 5.Nc3 a6 6.Be3 e5 7.Nf3 Be7 8.a4 O-O
9.a5 Nc6 10.Bb6 Qe8 11.Nd5 Nxd5 12.exd5 Nb8 13.Nd2 f5 14.Be2 Qg6 15.O-O Nd7
16.Bc7 Bd8 17.Bxd8 Rxd8 18.f4 exf4 19.Rxf4 Ne5 20.Nc4 Qf6 21.Nb6 Rb8 22.b4 Re8
23.c4 Nd7 24.Nxc8 Rbxc8 25.Bd3 g6 26.Rc1 Re7 27.Qd2 Kg7 28.h4 Ree8 29.h5 Qg5
30.Rcf1 Ne5 31.Qc3 Kg8 32.Be2 Nf7 33.Bd1 Ne5 34.c5 Qe7 35.Ba4 Red8 36.c6 Qc7
37.Rc1 Qe7 38.Qg3 Qg7 39.Qc3 Qh6 40.Rff1 Qxh5 41.Bd1 Qg5 42.Be2 Re8 43.Qd4 Qh6
44.Rc3 Qg7 45.Rfc1 Nf3+  0-1

[Event "POL-chT"]
[Site "Lubniewice"]
[Date "1995.??.??"]
[Round "5"]
[White "Cyborowski, Lukasz"]
[Black "Spisak, Czeslaw"]
[Result "1-0"]
[WhiteElo "2210"]
[BlackElo "2335"]

1.e4 c5 2.Nf3 d6 3.d4 cxd4 4.Nxd4 Nf6 5.Nc3 a6 6.Be3 e6 7.Qd2 b5 8.f3 Nbd7
9.g4 Nb6 10.O-O-O Bb7 11.g5 Nfd7 12.Qg2 g6 13.h4 b4 14.Nb1 Qc7 15.h5 Bg7
16.hxg6 hxg6 17.Rxh8+ Bxh8 18.Qh3 O-O-O 19.Qh7 Nc5 20.Nd2 Be5 21.Qh4 Rh8
22.Qg4 Rh2 23.Bg1 Bxd4 24.Bxh2 Nca4 25.Qg3 Bxb2+ 26.Kb1 Be5 27.f4 Nc3+ 28.Kc1 Nxa2+
29.Kb1 Nc3+ 30.Kc1 Na2+ 31.Kb1 Nc3+ 32.Kc1 Nxd1 33.fxe5 Nc3 34.exd6 Qd7 35.Qf2 Nba4
36.Bd3 Kb8 37.Qxf7 Qxf7 38.d7+ Ka7 39.d8=Q e5 40.Bxe5 Qe6 41.Qb8+ Kb6 42.Nc4+ Kc5
43.Bd6+  1-0

[Event "POL-chT"]
[Site "Lubniewice"]
[Date "1995.??.??"]
[Round "9"]
[White "Dobrowolski, Piotr"]
[Black "Jaworski, Miroslaw"]
[Result "1-0"]
[WhiteElo "2390"]
[BlackElo "2360"]

1.e4 c5 2.Nf3 d6 3.d4 cxd4 4.Nxd4 Nf6 5.Nc3 a6 6.Be3 e5 7.Nb3 Be6 8.Qd2 Nbd7
9.f3 b5 10.g4 Nb6 11.g5 Nfd7 12.Nd5 Bxd5 13.exd5 Qc7 14.O-O-O Rc8 15.Kb1 Be7
16.Qg2 Nc4 17.Bc1 a5 18.Bd3 a4 19.Na1 Nc5 20.Bf5 Rb8 21.Qe2 g6 22.Bd3 Nxd3
23.Rxd3 O-O 24.h4 Rfe8 25.c3 Bf8 26.a3 Bg7 27.Nc2 Re7 28.h5 Rbe8 29.Rh4 Qd7
30.Rd1 Qf5 31.Qe4 Qxe4 32.fxe4 Rf8 33.Rg1 Rc7 34.Nb4 Ra8 35.Nd3 Nb6 36.Nf2 Rc4
37.Ng4 Nd7 38.Ne3 Rc7 39.Rgh1 Nf8 40.Ng4 Rb8 41.Bd2 Rbc8 42.Kc2 Rb7 43.Kd3 Rbc7
44.Be3 Rb7 45.R4h2 Ra8 46.Rf2 Rc8 47.Rhf1 Ra8 48.Nf6+ Bxf6 49.gxf6 Nd7 50.Bh6 Nc5+
51.Ke3 Raa7 52.Rh1 Rc7 53.Rh4 Rab7 54.Ke2 Ra7 55.Rfh2 Rab7 56.Rf2 Ra7 57.Be3 Rab7
58.Rfh2 Ra7 59.Bh6 Rab7 60.Be3 Ra7 61.Rf2 Rab7 62.Kd2 Ra7 63.Kc2 Rab7 64.Rf3 Ra7
65.Bxc5 dxc5 66.Rg4 Rc8 67.Rg5 Re8 68.Rff5 h6 69.Rxe5 Rd8 70.Rg2 g5 71.Re7 Ra6
72.Rf2 g4 73.Rb7 Re8 74.Re7 Rd8 75.Rf4 Kf8 76.Rb7 g3 77.e5 Re8 78.Re7 Rxe7
79.fxe7+ Kxe7 80.Kd3 f6 81.Ke4 g2 82.Rg4 fxe5 83.Kxe5 b4 84.cxb4 cxb4 85.axb4 a3
86.bxa3 Rxa3 87.Rxg2 Re3+ 88.Kd4 Rh3 89.Kc5 Rxh5 90.Kc6 Rh1 91.d6+ Ke6 92.Re2+ Kf5
93.Rd2 Rc1+ 94.Kb5  1-0

[Event "POL-chT"]
[Site "Lubniewice"]
[Date "1995.??.??"]
[Round "9"]
[White "Tseshkovsky, Vitaly"]
[Black "Staniszewski, Piotr"]
[Result "1-0"]
[WhiteElo "2540"]
[BlackElo "2405"]

1.e4 c5 2.Nf3 d6 3.d4 cxd4 4.Nxd4 Nf6 5.Nc3 a6 6.Be3 Nc6 7.Be2 e5 8.Nb3 Be6
9.O-O Be7 10.Nd5 Bxd5 11.exd5 Nb8 12.a4 a5 13.Bb5+ Nbd7 14.Nd2 O-O 15.Nc4 Qc7
16.c3 e4 17.b4 axb4 18.cxb4 Ne5 19.Nb6 Rfd8 20.Rc1 Qb8 21.Bd4 g6 22.Qc2 Ne8
23.Qxe4 f5 24.Qc2 f4 25.Bxe5 dxe5 26.Nd7 Rxd7 27.Bxd7 Bxb4 28.Qb3 Qd6 29.Be6+ Kh8
30.Rc4 Bc5 31.Qxb7 Nc7 32.Rfc1 Nxe6 33.dxe6 Ba3 34.Rc7  1-0

[Event "POL-chT"]
[Site "Lubniewice"]
[Date "1995.??.??"]
[Round "10"]
[White "Blehm, Pawel"]
[Black "Jakubiec, Artur"]
[Result "1-0"]
[WhiteElo "2340"]
[BlackElo "2410"]

1.e4 c5 2.Nf3 a6 3.Nc3 d6 4.d4 cxd4 5.Nxd4 Nf6 6.Be3 e5 7.Nb3 Be6 8.Qe2 Nbd7
9.O-O-O b5 10.f3 Qc7 11.Qf2 Be7 12.g4 b4 13.Nd5 Bxd5 14.exd5 O-O 15.h4 Rfc8
16.g5 Nh5 17.Bh3 a5 18.Kb1 a4 19.Nc1 Rd8 20.Bg4 Nf4 21.Bxf4 exf4 22.Bxd7 Qxd7
23.Qd4 b3 24.cxb3 axb3 25.Nxb3 Ra4 26.Qd3 Qa7 27.Nc1 g6 28.Rd2 Bf8 29.Re1 Bg7
30.Re4 Ra5 31.Rxf4 Ra3 32.b3 Qg1 33.Rd1 Qh2 34.Qd2 Qg3 35.Ne2 Qh3 36.Qe3 Rda8
37.Nc1 R3a7 38.Rc4 Qf5+ 39.Qe4 Qd7 40.Re1 Qb5 41.Qd3 Qa5 42.Re2 Rb7 43.h5 gxh5
44.Rh2 Qa3 45.Qc2 Re7 46.Rxh5 Re1 47.Rc8+ Rxc8 48.Qxc8+ Bf8 49.Qc2 Bg7 50.Qc8+ Bf8
51.Qc2 Bg7 52.Rh4 Qa6 53.Qxh7+ Kf8 54.Rc4 Re8 55.g6 Re7 56.gxf7 Rxf7 57.Qh3 Kg8
58.Qe6 Qa3 59.Nd3 Qa7 60.Rf4 Qg1+ 61.Nc1  1-0

[Event "CRO-chT"]
[Site "Makarska Tucepi"]
[Date "1995.??.??"]
[Round "?"]
[White "Grosar, Aljosa"]
[Black "Tukmakov, Vladimir B"]
[Result "1/2-1/2"]
[WhiteElo "2485"]
[BlackElo "2600"]

1.e4 c5 2.Nf3 d6 3.d4 cxd4 4.Nxd4 Nf6 5.Nc3 a6 6.Be3 e6 7.Be2 Qc7 8.f4 b5
9.a3 Bb7 10.Bf3 Nbd7 11.O-O Be7 12.Qe1 g6 13.Rd1 e5 14.Nde2 O-O 15.f5 Rfe8
16.g4 d5 17.fxg6 hxg6 18.exd5 e4 19.Nxe4 Nxd5 20.Bd4 Ne5 21.Qg3 Nxf3+ 22.Qxf3 Bh4
23.g5 Rxe4 24.Qxe4 Bxg5 25.Qg4 Be3+ 26.Bxe3 Nxe3 27.Qd7 Qxd7 28.Rxd7 Nxf1
29.Kxf1 Be4 30.Nd4 Rc8 31.c3 Rc5 32.Ra7 Rh5 33.Kg1 Rg5+ 34.Kf2 Rg2+ 35.Ke3 Bd5
36.Rxa6 Rxb2 37.Rb6 Rxh2 38.Rxb5 Rh3+ 39.Kd2 Be4 40.Rc5 f5 41.Ne6 Rg3 42.Rc7 Bd5
43.Nf4 Bf7 44.a4 Rg4 45.Nd3 Rxa4 46.Ne5  1/2-1/2

[Event "Manresa"]
[Site "Manresa"]
[Date "1995.??.??"]
[Round "7"]
[White "Magem Badals, Jorge"]
[Black "Pablo Marin, Alejandro"]
[Result "1/2-1/2"]
[WhiteElo "2560"]
[BlackElo "2390"]

1.e4 c5 2.Nf3 d6 3.d4 cxd4 4.Nxd4 Nf6 5.Nc3 a6 6.Be3 e5 7.Nb3 Be6 8.f3 Nbd7
9.g4 Rc8 10.Qd2 Nb6 11.g5 Nfd7 12.O-O-O Qc7 13.Kb1 Be7 14.h4 f5 15.gxf6 Nxf6
16.Bxb6 Qxb6 17.Bh3 Bxh3 18.Rxh3 O-O 19.h5 h6 20.Nc1 Kh8 21.Qe1 Nh7 22.Nd5 Qd8
23.Rd3 Bg5 24.Ne2 Nf6 25.Nxf6 Qxf6 26.Qd1 Rc6 27.Nc3  1/2-1/2